| 000 | 00878nas a2200265 4500 | ||
|---|---|---|---|
| 001 | BR0100374 | ||
| 003 | BR-BrBNA | ||
| 005 | 20231205102037.0 | ||
| 007 | ta | ||
| 008 | 230509b bl.|||p| |||| 00| 00por d | ||
| 040 |
_aBR-BrBNA _bpor _cBiblioteca Nacional de Agricultura |
||
| 041 | _a(Pt) | ||
| 072 | _aM12; L52 | ||
| 100 | 1 | _aTabata, Y.A. | |
| 100 | 1 | _aRigolino, M.g. | |
| 100 | 1 | _aTsukamoto, R.Y. | |
| 245 | 1 | _aProducao de lotes monossexos femininos triploides de truta arcoiris, Oncorhynchus mykiss (Pisces, Salmonidae); 3: crescimento ate idade de primeira maturacao sexual | |
| 650 | _aTruta Arco-Iris | ||
| 650 | _aFemea | ||
| 650 | _aCrescimento | ||
| 650 | _aSobrevivencia | ||
| 773 | 0 |
_tBoletim do Instituto de Pesca (Brazil) _xISSN 0046-9939 _g(1998-1999), v. 25 p. 67-76 _wBR0100374 |
|
| 909 |
_a202311 _bLúcia _c55 _dLúcia Elande |
||
| 942 |
_2AGRIS _n0 _cANA |
||
| 999 |
_c165419 _d165419 |
||